| 000 | 00450nam a2200181Ia 4500 | ||
|---|---|---|---|
| 001 | 11226 | ||
| 008 | 140331s9999 xx 000 0 und d | ||
| 020 | _a0-553-09591-9 | ||
| 040 | _cPK-LaUMT | ||
| 082 |
_a 155.924 _bBRA-F |
||
| 100 | _aBradshaw, John | ||
| 245 |
_aFamily secrets : What you don't know can hurt you _cBradshaw, John |
||
| 260 | _c1995 | ||
| 300 | _a297 p. | ||
| 546 | _aEN | ||
| 650 | _aFamily-psychology aspects | ||
| 942 | _cBK | ||
| 999 |
_c12127 _d12127 |
||